000 01008nam a2200253 a 4500
003 AM-YEHGA
040 _aAM-YeHGA
942 _2udc
_cBK
090 _c462488
001 000787602
005 20250617160731.0
008 110209s1961 ru r 000 0 rus d
041 1 _arus
_hger
100 1 _aГрильпарцер, Франц
245 1 0 _aПьесы :
_bПеревод с немецкого /
_cФ. Грильпарцер; Вс. статья и примеч. Е. Эткинда.
260 _aМосква ;
_aЛенинград :
_bИскусство,
_c1961.
300 _a766 стр. :
_bпортр., илл. ;
_c21 см.
440 0 _aБиблиотека драматурга
504 _aПостраничные сноски
504 _aПримечания, стр. 761-765
504 _aСписок пьес Грильпарцера
650 1 4 _aНемецкая литература
_xПьеса
700 1 _aЭткинд, Е.
_eавт. предисл.
_4aui
_eпримеч.
_4cmm
999 _c459418
_d459418